[Event "RUS-ch Seniors"]
[Site "Odintsovo"]
[Date "2008.10.10"]
[Round "8"]
[White "Matveenko, Yury"]
[Black "Chishikhin, Valery"]
[Result "1-0"]
[WhiteElo "2138"]
[BlackElo "1993"]
[PlyCount "55"]
[EventDate "2008.10.02"]
[EventType "swiss"]
[EventRounds "9"]
[EventCountry "RUS"]
[SourceTitle "CBM 127 Extra"]
[Source "ChessBase"]
[SourceDate "2009.01.08"]
[SourceVersion "2"]
[SourceVersionDate "2009.01.28"]
[SourceQuality "1"]

1. Nf3 d6 2. b4 a5 3. b5 c5 4. Bb2 a4 5. e3 Nd7 6. c4 e5 7. d4 a3 8. Bc3 e4 9. Nfd2 Ngf6 10. Be2 cxd4 11. Bxd4 Nc5 12. 0-0 Be7 13. Nc3 Bf5 14. Qc2 0-0 15. Bxc5 dxc5 16. Ndxe4 Nxe4 17. Nxe4 Qb6 18. Rad1 Qg6 19. Bd3 Rfd8 20. Nxc5 Rxd3 21. Nxd3 Rd8 22. Nf4 Bxc2 23. Rxd8+ Bxd8 24. Nxg6 hxg6 25. Rc1 Bf5 26. c5 Bc7 27. Rc3 b6 28. cxb6 1-0